Problem Solving & Programming Concepts

সংরক্ষণ করুন:
গ্রন্থ-পঞ্জীর বিবরন
প্রধান লেখক: Sprankle, Maureen (autora)
অন্যান্য লেখক: Hubbard, Jim (autor)
বিন্যাস: অজ্ঞাত
ভাষা:ইংরেজি
প্রকাশিত: Boston, USA. Prentice Hall, 2012
সংস্করন:Ninth Edition.
বিষয়গুলি:
ট্যাগগুলো: ট্যাগ যুক্ত করুন
কোনো ট্যাগ নেই, প্রথমজন হিসাবে ট্যাগ করুন!

MARC

LEADER 00000 a2200000 4500
003 CL-VaPUC
005 20231213190721.0
008 201110b ||||| |||| 00| 0 eng d
999 |c 431996  |d 431994 
020 |a 9780273752219 
040 |c Pontificia Universidad Católica de Valparaíso 
082 |a 005.1 SPR 2012 
100 |a Sprankle, Maureen  |e autora  |9 243947 
245 |a Problem Solving & Programming Concepts 
250 |a Ninth Edition.   |b International Edition 
260 |a Boston, USA.  |b Prentice Hall,  |c 2012 
300 |a 521 páginas  
583 |k Cristina Rojas  |c 20201110 
650 0 |a Programación de computadores   |9 259531 
650 0 |a Proceso de datos   |9 259776 
700 |a Hubbard, Jim  |e autor  |9 605134 
852 |a BIBCUR 
942 |2 ddc  |c BK 
952 |0 0  |1 0  |2 ddc  |4 0  |6 005_100000000000000_SPR_2012  |7 0  |8 A  |9 576860  |a BIBGIM  |b BIBGIM  |d 2020-11-10  |e 2  |g 50211.33  |i 5577195  |o 005.1 SPR 2012  |p 5577195  |r 2025-01-15  |t 3  |v 50211.33  |w 2020-11-10  |y BK  |k EST 
952 |0 0  |1 0  |2 ddc  |4 0  |6 005_100000000000000_SPR_2012  |7 0  |8 A  |9 576861  |a BIBGIM  |b BIBGIM  |d 2020-11-10  |e 2  |g 50211.33  |i 5577179  |o 005.1 SPR 2012  |p 5577179  |r 2025-01-15  |t 1  |v 50211.33  |w 2020-11-10  |y BK  |k EST 
952 |0 0  |1 0  |2 ddc  |4 0  |6 005_100000000000000_SPR_2012  |7 0  |8 A  |9 576862  |a BIBGIM  |b BIBGIM  |d 2020-11-10  |e 2  |g 50211.33  |i 5577187  |o 005.1 SPR 2012  |p 5577187  |r 2025-01-15  |t 2  |v 50211.33  |w 2020-11-10  |y BK  |k EST